• 首页
  • 本馆介绍
  • 公告通知
  • 最新文献
  • 馆藏检索
  • 电子资源
  • 读者导购
  • 参考咨询
  • 我的图书馆
  • 登录
  • 详细信息显示
  • 放入我的书架
  • 预约/预借图书
  • 作者相关作品
  • 分类相关作品
  • 丛书相关作品
  • 出版社相关作品

书目信息

  • 表格格式
  • 工作单格式
  • 卡片格式
题名:
化学中的数学方法
    
 
作者: 登斯 著 ;王知群 译
分册:  
出版信息: 北京   科学出版社  1981
页数: 443页
开本: 19cm
丛书名:
单 册:
中图分类: O6-051
科图分类:
主题词: 化学
电子资源:
ISBN:
000 00663nam0 2200241 45
001 0181005318
005 20060428105614.53
010    @dCNY3.30
091    @a13031.1444
100    @a19950724d1981 emky0chiy0121 ea
101 1  @achi@ceng
102    @aCN@b110000
105    @ay z 000yy
200 10 @a化学中的数学方法@Ahua xue zhong de shu xue fang fa@f(美)J.B.登斯著@F(Mei)J.B.Deng Si Zhu@g王知群译
210    @a北京@c科学出版社@d1981
215    @a443页@d19cm
606    @a化学
690    @aO6-051@v3
701  0 @a登斯@4著
702  0 @a王知群@Awang zhi qun@4译
801  2 @aCN@bNLC@c20060428
801  0 @aCN@b上海图书馆@c20040519
905    @dO6-051@e114
    
    化学中的数学方法/(美)J.B.登斯著/王知群译.-北京:科学出版社,1981
    443页;19cm
    
    
    ISBN :CNY3.30
    
●
相关链接 在E读中查询图书 在五车中查询图书 在当当中查询图书 在豆瓣中查询图书


正题名:化学中的数学方法     索取号:O6-051/114         预约/预借

序号 登录号 条形码 馆藏地/架位号 状态 备注
1 0150427   202301017   密集书库/ [索取号:O6-051/114] 在馆    
2 0150428   000338343   第三借阅区/ [索取号:O6-051/114] 在馆    
3 0150429   001933395   第三借阅区/ [索取号:O6-051/114] 在馆    
4 0150430   000338352   第三借阅区/ [索取号:O6-051/114] 在馆    
5 0150431   202102330   第二样本阅览室/ [索取号:O6-051/114] 在馆    
唐山师范学院图书馆 欢迎您!
大连网信软件有限公司© 版权所有